Exposición sobre la historia monográfica del papel : siglos XII al XIX : catálogo / presentación y catálogo por Oriol Valls i Subirà siglos XII al XIX :
Descripción Física:
40 p., [4] p. de làm. ; 22 cm
Materias:
Paper -- Història -- Exposicions
MARC
| LEADER | 00000nam a2200000Ia 4500 | ||
|---|---|---|---|
| 001 | 8018 | ||
| 008 | 160829s1968 xx 000 0 cat d | ||
| 080 | |a FU-7-31 | ||
| 100 | |a Valls i Subirà, Oriol |9 35054 | ||
| 245 | |a Exposición sobre la historia monográfica del papel : |b siglos XII al XIX : |b catálogo / presentación y catálogo por Oriol Valls i Subirà | ||
| 260 | |a Barcelona : |b Diputación Provincial de Barcelona. Biblioteca Central, |c 1968 | ||
| 300 | |a 40 p., [4] p. de làm. ; |c 22 cm | ||
| 590 | |a Hi ha un duplicat: R. 8472, DUP-21-38 | ||
| 650 | |a Paper |x Història |x Exposicions |9 40305 | ||
| 710 | 2 | |a Biblioteca Central (Barcelona, Catalunya) |9 54533 | |
| 901 | |a Arxiu | ||
| 942 | |n 1 | ||
| 952 | |0 0 |1 0 |4 0 |6 FU731 |7 1 |9 46750 |a Arxiu |b Arxiu |d 2016-12-01 |l 0 |o FU-7-31 |p 8018 |r 2016-12-01 00:00:00 |w 2016-12-01 |y ARXIU | ||
| 999 | |c 50543 |d 50543 | ||